[Event "Mechanics' Fall TNM; 30/90, SD/30"]
[Site "San Francisco"]
[Date "2011.11.01"]
[Round "3.19"]
[White "Hilliard, Michael"]
[Black "Ramachandran, Jayakrishnan"]
[Result "0-1"]
[WhiteElo "1428"]
[BlackElo "1791"]
[PlyCount "74"]
[EventDate "2011.??.??"]

1. d4 Nf6 2. Bg5 e6 3. e4 Be7 4. e5 Nd5 5. Bxe7 Qxe7 6. c3 d6 7. Nf3 O-O 8. Bd3
Nf4 9. O-O f6 10. Re1 dxe5 11. dxe5 Rd8 12. exf6 gxf6 13. Re3 Nd5 14. Re4 f5
15. Rh4 e5 16. Bc4 Be6 17. Rh5 Nc6 18. Ng5 Bf7 19. Nxf7 Qxf7 20. Qf3 Nce7 21.
Qh3 b5 22. Bb3 c5 23. Qg3+ Ng6 24. Nd2 c4 25. Bc2 Ndf4 26. Bd1 Nxh5 27. Bxh5
Rxd2 28. Re1 Rad8 29. Qg5 Kh8 30. g3 e4 31. Kh1 R8d5 32. Qe3 R2d3 33. Qe2 Qf6
34. Qf1 Qg5 35. Be2 Rd2 36. Rb1 f4 37. Kg2 f3+ 0-1

[Event "Mechanics' Fall TNM; 30/90, SD/30"]
[Site "San Francisco"]
[Date "2011.11.15"]
[Round "5.26"]
[White "James, Charles"]
[Black "Bayaraa, Chinguun"]
[Result "1-0"]
[WhiteElo "1552"]
[BlackElo "1132"]
[PlyCount "51"]
[EventDate "2011.??.??"]

1. d4 d5 2. c4 e6 3. Nc3 Nf6 4. Bg5 Nbd7 5. cxd5 exd5 6. Nxd5 $2 Be7 (6... Nxd5
$1 7. Bxd8 Bb4+ $19) 7. Nxe7 Qxe7 8. Nf3 O-O 9. e3 h6 10. Bh4 Re8 11. Bd3 b6
12. O-O Bb7 13. Re1 Qd8 14. e4 Qc8 15. Qc2 Rf8 16. Rac1 c6 17. a3 Kh8 18. b4 b5
19. h3 a6 20. g4 a5 21. Qd2 axb4 22. Qxb4 Qe8 23. g5 hxg5 24. Bxg5 Ra4 25. Qb2
g6 26. d5 1-0

[Event "Mechanics' Fall TNM; 30/90, SD/30"]
[Site "San Francisco"]
[Date "2011.12.13"]
[Round "9.22"]
[White "James, Charles"]
[Black "Morgan, Jerry"]
[Result "0-1"]
[WhiteElo "1552"]
[BlackElo "1442"]
[PlyCount "90"]
[EventDate "2011.??.??"]

1. d4 d5 2. c4 c6 3. Nc3 dxc4 4. a4 e5 5. e3 exd4 6. exd4 Be6 7. Nf3 Nd7 8. Ng5
Bd5 9. Nxd5 cxd5 10. Be2 Bb4+ 11. Bd2 a5 12. O-O Ndf6 13. Bf3 Ne7 14. Re1 O-O
15. Qc2 Nc6 16. Bxb4 Nxb4 17. Qf5 Qd7 18. Qxd7 Nxd7 19. Re7 Rad8 20. Ra3 h6 21.
Nh3 Nc2 22. Rc3 Nxd4 23. Bg4 Nf6 24. Bd1 Rd7 25. Rce3 Rxe7 26. Rxe7 Re8 27.
Rxe8+ Nxe8 28. Nf4 Nc7 29. Kf1 Kf8 30. Ke1 Ke7 31. Kd2 Kd6 32. Kc3 Kc5 33. Nh5
Nce6 34. f4 g6 35. Nf6 b5 36. Nd7+ Kd6 37. Ne5 b4+ 38. Kd2 Ke7 39. g3 Nc5 40.
Ke3 Ncb3 41. Bxb3 Nxb3 42. Nc6+ Kd6 43. Nd4 Nc1 44. Ne2 Nd3 45. b3 Kc5 {
remainder illegible} 0-1

[Event "Mechanics' Fall TNM; 30/90, SD/30"]
[Site "San Francisco"]
[Date "2011.11.08"]
[Round "4.12"]
[White "Jones, James"]
[Black "Harris, Clarence"]
[Result "1-0"]
[WhiteElo "2093"]
[BlackElo "1336"]
[PlyCount "63"]
[EventDate "2011.??.??"]

1. e4 e5 2. Bc4 Nf6 3. d4 d6 4. Nf3 Bg4 5. dxe5 Bxf3 6. Qxf3 dxe5 7. Qb3 Qe7 8.
Nc3 c6 9. Bg5 b5 10. Bd3 Nbd7 11. Ne2 Qb4+ 12. Qxb4 Bxb4+ 13. c3 Be7 14. Ng3
Nc5 15. Bc2 h6 16. Be3 Ng4 17. Bd2 Rd8 18. Nf5 g6 19. Nxe7 Kxe7 20. Rd1 Nd3+
21. Bxd3 Rxd3 22. Bg5+ hxg5 23. Rxd3 f5 24. h3 f4 25. Ke2 Nf6 26. f3 g4 27.
fxg4 Nxg4 28. Rhd1 Nf6 29. Rd6 c5 30. Ra6 Nxe4 31. Rd5 Ng3+ 32. Kf3 1-0

[Event "Mechanics' Fall TNM; 30/90, SD/30"]
[Site "San Francisco"]
[Date "2011.10.25"]
[Round "2.12"]
[White "Jones, James"]
[Black "Lacounte, Brendan"]
[Result "0-1"]
[WhiteElo "2093"]
[BlackElo "1686"]
[PlyCount "108"]
[EventDate "2011.??.??"]

1. e4 c5 2. Nf3 e6 3. d4 cxd4 4. c3 dxc3 5. Nxc3 Nc6 6. Bc4 Nf6 7. O-O Qc7 8.
Qe2 Ng4 9. g3 Nge5 10. Bf4 Nxf3+ 11. Qxf3 Ne5 12. Qh5 Qxc4 13. Qxe5 d6 14. Qb5+
Qc6 15. Rac1 Be7 16. Qh5 Qb6 17. Be3 Qxb2 18. Nb5 O-O 19. Nc7 Bd7 20. Nxa8 Rxa8
21. Rc7 g6 22. Qa5 Bd8 23. Qc3 Qxc3 24. Rxc3 Bc6 25. f3 Bf6 26. Rcc1 a6 27.
Rfd1 d5 28. exd5 Bxd5 29. Rc7 Kf8 30. Kf2 Bc6 31. Rb1 Ke8 32. h4 Be5 33. Rxc6
bxc6 34. f4 Bd6 35. Rb6 Kd7 36. Rb7+ Ke8 37. Rb6 Kd7 38. Rb7+ Bc7 39. Bb6 Rc8
40. Ra7 Kd6 41. Rxa6 Bxb6+ 42. Rxb6 Kc7 43. Ra6 Kb7 44. Ra3 c5 45. Ke3 Rd8 46.
Rd3 Rd5 47. a4 Kb6 48. Rb3+ Ka6 49. Rb8 c4 50. g4 Rc5 51. Kd4 Rc7 52. Kc3 Ka5
53. Ra8+ Kb6 54. Rb8+ Kc5 {B won n time with 2 sec left on his clock.} 0-1

[Event "Mechanics' Fall TNM; 30/90, SD/30"]
[Site "San Francisco"]
[Date "2011.10.25"]
[Round "2.5"]
[White "Karas, Nicholas"]
[Black "Abraham, Renjish"]
[Result "1-0"]
[WhiteElo "2103"]
[BlackElo "1884"]
[PlyCount "63"]
[EventDate "2011.??.??"]

1. e4 c5 2. Nf3 d6 3. d4 cxd4 4. Nxd4 Nf6 5. Nc3 g6 6. Bg5 Bg7 7. Bb5+ Bd7 8.
Qe2 Bxb5 9. Ndxb5 O-O 10. O-O-O Nc6 11. f4 a6 12. Nd4 Qa5 13. Nb3 Qc7 14. Bxf6
Bxf6 15. Nd5 Qd8 16. Nxf6+ exf6 17. h4 Qe7 18. Rde1 Rfe8 19. Qf2 Rac8 20. Qd2
Rc7 21. g4 Rec8 22. g5 a5 23. Kb1 a4 24. Nc1 b5 25. h5 fxg5 26. hxg6 fxg6 27.
f5 Ne5 28. fxg6 Nxg6 29. c3 Kg7 30. Qh2 Rh8 31. Qh6+ Kf6 32. Rhf1+ 1-0

[Event "Mechanics' Fall TNM; 30/90, SD/30"]
[Site "San Francisco"]
[Date "2011.11.29"]
[Round "7.12"]
[White "Karas, Nicholas"]
[Black "Ganem, Paul"]
[Result "1-0"]
[WhiteElo "2103"]
[BlackElo "1845"]
[Annotator "Donaldson"]
[PlyCount "27"]
[EventDate "2011.??.??"]

1. e4 c6 2. d4 d5 3. exd5 cxd5 4. c4 Nf6 5. Nc3 Nc6 6. Nf3 Bg4 7. cxd5 Nxd5 8.
Qb3 Bxf3 9. gxf3 e6 10. Bb5 (10. Qxb7 Nxd4 11. Bb5+ Nxb5 12. Qc6+ Ke7 13. Qxb5
Qd7) 10... a6 (10... Be7) 11. Bxc6+ bxc6 12. Qc4 Nxc3 (12... Qb6) (12... Qd7)
13. Qxc6+ Ke7 14. bxc3 {Black's resignation must have been based on a
hallucination. After 14...Rc8 White is somehat better, but no more.} 1-0

[Event "Mechanics' Fall TNM; 30/90, SD/30"]
[Site "San Francisco"]
[Date "2011.11.15"]
[Round "5.13"]
[White "Karas, Nicholas"]
[Black "Ganesh, Vikram"]
[Result "1/2-1/2"]
[WhiteElo "2103"]
[BlackElo "1787"]
[PlyCount "94"]
[EventDate "2011.??.??"]

1. e4 c6 2. d4 d5 3. exd5 cxd5 4. c4 Nf6 5. Nc3 Nc6 6. Nf3 Bg4 7. cxd5 Nxd5 8.
Bc4 e6 9. O-O Be7 10. Re1 O-O 11. Be3 Nb6 12. Bd3 Nb4 13. Be2 Bf5 14. Rc1 Rc8
15. a3 N4d5 16. Qb3 Qd7 17. Ne5 Qd6 18. Nb5 Qb8 19. a4 Rfd8 20. a5 Rxc1 21.
Rxc1 Nd7 22. Nd3 a6 23. Na3 Nxe3 24. fxe3 Bd6 25. h3 Be4 26. Ne1 Nf6 27. Bf3
Bh2+ 28. Kf1 Qg3 29. Nc4 g5 30. Ne5 h5 31. Nxf7 Rf8 32. Ne5 Nd5 33. Nd7 Rf5 34.
Rc8+ Kg7 35. Nc5 Bxf3 36. Nxe6+ Kf6 37. Rf8+ Kxe6 38. Rxf5 Kxf5 39. Nxf3 Nf6
40. Qxb7 Qc7 41. Qxa6 Qc1+ 42. Ke2 Qc2+ 43. Nd2 Ne4 44. Qb5+ Kf6 45. Qb6+ Kf5
46. Qb4 Ng3+ 47. Kf2 Ne4+ 1/2-1/2

[Event "Mechanics' Fall TNM; 30/90, SD/30"]
[Site "San Francisco"]
[Date "2011.11.01"]
[Round "3.1"]
[White "Karas, Nicholas"]
[Black "Lee, Andy"]
[Result "0-1"]
[WhiteElo "2103"]
[BlackElo "2266"]
[PlyCount "118"]
[EventDate "2011.??.??"]

1. e4 e5 2. Nf3 Nc6 3. Bb5 a6 4. Ba4 Nf6 5. O-O b5 6. Bb3 Bc5 7. d3 d6 8. c3
O-O 9. Be3 Bg4 10. Nbd2 Qe7 11. Bd5 Nxd5 12. exd5 Bxe3 13. fxe3 Nb8 14. a4 Nd7
15. axb5 axb5 16. b4 f5 17. Qb3 Qf6 18. Ra5 Nc5 19. Qb1 Rxa5 20. bxa5 Qh6 21.
Re1 e4 22. dxe4 fxe4 23. Nd4 Nd3 24. Nxb5 Nxe1 25. Qxe1 Bd7 26. Nd4 Ra8 27.
N2b3 Ba4 28. c4 Bxb3 29. Nxb3 Rb8 30. Nd4 Rb2 31. Ne6 Ra2 32. h3 Qf6 33. Qg3 c5
34. Qg4 Rxa5 35. Qxe4 Ra1+ 36. Kh2 Qf1 37. Ng5 g6 38. Qe6+ Kg7 39. Qe7+ Kh6 40.
Nf7+ Kg7 41. Nxd6+ Kg8 42. Qe6+ Kg7 43. Qe5+ Kg8 44. Qe8+ $138 Kg7 45. Qe5+ Kg8
46. Qf4 Qxf4+ 47. exf4 Rc1 48. Kg3 Kf8 49. Kf3 Ke7 50. Nc8+ Kd7 51. Nb6+ Kc7
52. Na4 Rxc4 53. Nb2 Rd4 54. Ke3 Kd6 55. Nd3 Kxd5 56. g4 Ra4 57. h4 Ra3 58. Ke2
c4 59. Ne5 Kd4 0-1

[Event "Mechanics' Fall TNM; 30/90, SD/30"]
[Site "San Francisco"]
[Date "2011.11.01"]
[Round "3.28"]
[White "Keiper, Ryan"]
[Black "Allen, Tom"]
[Result "1-0"]
[WhiteElo "1520"]
[BlackElo "1574"]
[PlyCount "37"]
[EventDate "2011.??.??"]

1. d4 d5 2. c4 e5 3. dxe5 d4 4. Nf3 Nc6 5. g3 Bg4 6. Nbd2 Bb4 7. Bg2 Bxf3 8.
Bxf3 Nxe5 $2 9. Qa4+ Nc6 10. Bxc6+ bxc6 11. Qxb4 Rb8 12. Qc5 Rb6 13. Qe5+ Kf8
14. O-O Nf6 15. Nf3 d3 16. exd3 Qd7 17. Re1 Rb8 18. Be3 Ng4 19. Bc5+ 1-0

[Event "Mechanics' Fall TNM; 30/90, SD/30"]
[Site "San Francisco"]
[Date "2011.12.13"]
[Round "9.11"]
[White "Keiper, Ryan"]
[Black "Delmonico, Nils"]
[Result "0-1"]
[WhiteElo "1520"]
[BlackElo "1909"]
[PlyCount "48"]
[EventDate "2011.??.??"]

1. d4 e6 2. e4 d5 3. Nc3 Nf6 4. e5 Nfd7 5. Nf3 c5 6. Ne2 Nc6 7. c3 cxd4 8. cxd4
Qb6 9. g3 f6 10. Bh3 Bb4+ 11. Kf1 fxe5 12. Bxe6 e4 13. Nh4 Nf6 14. Bxc8 Rxc8
15. a3 Be7 16. Nf5 O-O 17. h3 Nh5 18. Nxe7+ Nxe7 19. Rb1 Rf3 20. Be3 Nf5 21.
Kg2 Rxe3 22. Rc1 Rf8 23. Nc3 Rxg3+ 24. Kh2 Ne3 0-1

[Event "Mechanics' Fall TNM; 30/90, SD/30"]
[Site "San Francisco"]
[Date "2011.11.22"]
[Round "6.10"]
[White "Keiper, Ryan"]
[Black "Karas, Nicholas"]
[Result "1/2-1/2"]
[WhiteElo "1520"]
[BlackElo "2103"]
[PlyCount "106"]
[EventDate "2011.??.??"]

1. e4 c5 2. Nf3 d6 3. d4 cxd4 4. Nxd4 Nf6 5. Nc3 a6 6. Be2 e5 7. Nb3 Be7 8. g4
h6 9. Be3 b6 10. f4 exf4 11. Bxf4 Bb7 12. Bf3 Nh7 13. Qd4 Ng5 14. Bxg5 hxg5 15.
Nd5 Bxd5 16. Qxd5 Nd7 17. e5 Rc8 18. exd6 Bf6 19. Qe4+ Ne5 20. O-O-O O-O 21.
Be2 Qd7 22. Kb1 Rce8 23. Qg2 Ng6 24. Bxa6 Qa4 25. Bb7 Ne5 26. h4 Ra8 27. Bxa8
Rxa8 28. a3 Nc4 29. hxg5 Bxb2 30. Qh2 g6 31. Rd4 Bxd4 32. Nxd4 Nd2+ 33. Qxd2
Qxa3 34. Nb3 Qa2+ 35. Kc1 Qa3+ 36. Kd1 Qb2 37. Qh2 Qg7 38. Kc1 Ra1+ 39. Nxa1
Qxa1+ 40. Kd2 Qd4+ 41. Ke1 Qe4+ 42. Kf1 Qf3+ 43. Ke1 Qe4+ 44. Kd1 Qd4+ 45. Ke2
Qxg4+ 46. Kd3 Qf5+ 47. Ke3 Qc5+ 48. Kf3 Qd5+ 49. Kg4 Qe4+ 50. Kg3 Qe3+ 51. Kg2
Qe2+ 52. Kg3 Qe3+ 53. Kg4 Qe4+ 1/2-1/2

[Event "Mechanics' Fall TNM; 30/90, SD/30"]
[Site "San Francisco"]
[Date "2011.11.29"]
[Round "7.11"]
[White "Keiper, Ryan"]
[Black "de Lenea, Digne"]
[Result "1-0"]
[WhiteElo "1520"]
[BlackElo "1900"]
[PlyCount "91"]
[EventDate "2011.??.??"]

1. d4 Nf6 2. c4 c5 3. d5 b5 4. cxb5 a6 5. bxa6 g6 6. g3 Bxa6 7. Bg2 d6 8. Nf3
Bg7 9. Nc3 O-O 10. O-O Nbd7 11. Re1 Qc7 12. e4 Rfb8 13. e5 dxe5 14. Nd2 Ra7 15.
Nde4 Nxe4 16. Nxe4 h6 17. Rb1 f5 18. d6 exd6 19. Qd5+ Kh7 20. Nxd6 Nb6 21. Qe6
Qd7 22. Rxe5 Bxe5 23. Qxe5 Rd8 24. Bf4 Bd3 25. Rd1 c4 26. b3 Qxd6 27. Qxd6 Rxd6
28. Bxd6 Rd7 29. Bc5 c3 30. Bxb6 c2 31. Rc1 Be4 32. Be3 Rd1+ 33. Bf1 Bd3 34. f4
Bxf1 35. Kf2 Rxc1 36. Bxc1 Bd3 37. Ke3 Be4 38. h4 Kg7 39. Kd4 Kf7 40. Kc5 Ke7
41. b4 Kd7 42. Kb6 Kc8 43. Ka7 Bd3 44. b5 Bc4 45. b6 Bd5 46. a4 1-0

[Event "Mechanics' Fall TNM; 30/90, SD/30"]
[Site "San Francisco"]
[Date "2011.11.08"]
[Round "4.21"]
[White "Keiper, Ryan"]
[Black "Sherwood, Peter"]
[Result "1-0"]
[WhiteElo "1520"]
[BlackElo "1766"]
[PlyCount "105"]
[EventDate "2011.??.??"]

1. d4 d5 2. c4 dxc4 3. e3 e5 4. Bxc4 exd4 5. Qxd4 Qxd4 6. exd4 Nf6 7. Nf3 Bd6
8. Nc3 O-O 9. O-O h6 10. Nd5 Nbd7 11. Bf4 Bxf4 12. Nxf4 Nb6 13. Bb3 Bf5 14.
Rfe1 Rfe8 15. Ne5 Be6 16. Nxe6 fxe6 17. Ng6 Nbd5 18. a3 c6 19. Rac1 Kf7 20.
Ne5+ Ke7 21. Nd3 Kf8 22. Nc5 Re7 23. Rxe6 Rae8 24. Rce1 b6 25. Rxe7 Rxe7 26.
Rxe7 Kxe7 27. Nd3 Kd6 28. Kf1 Ne4 29. Ke2 Ng5 30. Ne1 Nf4+ 31. Ke3 Nd5+ 32.
Bxd5 Kxd5 33. b3 Ne6 34. Nc2 a5 35. f4 g6 36. g4 c5 37. dxc5 Nxc5 38. b4 axb4
39. axb4 Ne4 40. h4 Nd6 41. Kd3 h5 42. Ne3+ Ke6 43. gxh5 gxh5 44. Kd4 Nf5+ 45.
Nxf5 Kxf5 46. Ke3 Kg4 47. Ke4 Kxh4 48. Ke5 Kg3 49. f5 h4 50. f6 h3 51. f7 h2
52. f8=Q h1=Q 53. Qf4+ 1-0

[Event "Mechanics' Fall TNM; 30/90, SD/30"]
[Site "San Francisco"]
[Date "2011.11.08"]
[Round "4.9"]
[White "Khristoforov, Sergey"]
[Black "Abraham, Renjish"]
[Result "1/2-1/2"]
[WhiteElo "1999"]
[BlackElo "1884"]
[PlyCount "68"]
[EventDate "2011.??.??"]

1. d4 d5 2. c4 e6 3. Nc3 Nf6 4. Bg5 Be7 5. e3 O-O 6. Nf3 h6 7. Bh4 b6 8. cxd5
Nxd5 9. Bxe7 Nxe7 10. Be2 Bb7 11. O-O Nd7 12. Rc1 Rc8 13. Nb5 a6 14. Nc3 Nf6
15. Qb3 Ned5 16. Ne5 Re8 17. Rfd1 Qd6 18. Nc4 Qb4 19. Nxd5 Nxd5 20. Qxb4 Nxb4
21. a3 Nd5 22. Ne5 Ne7 23. Rd2 f6 24. Nd3 Kf7 25. Rdc2 c6 26. Bf3 Red8 27. Nb4
Rd6 28. Nd3 a5 29. b4 Ba6 30. Nb2 axb4 31. axb4 Bb5 32. Nc4 Bxc4 33. Rxc4 b5
34. Rc5 g6 1/2-1/2

[Event "Mechanics' Fall TNM; 30/90, SD/30"]
[Site "San Francisco"]
[Date "2011.12.13"]
[Round "9.8"]
[White "Khristoforov, Sergey"]
[Black "De Lenea, Digne"]
[Result "0-1"]
[WhiteElo "1999"]
[BlackElo "1900"]
[PlyCount "76"]
[EventDate "2011.??.??"]

1. d4 Nf6 2. c4 c5 3. d5 b5 4. cxb5 g6 5. Nc3 a6 6. b6 Bg7 7. e4 d6 8. h3 Qxb6
9. Nf3 a5 10. Nd2 Ba6 11. Qa4+ Nfd7 12. Bxa6 Rxa6 13. a3 O-O 14. Nc4 Qd8 15.
O-O Nb6 16. Nxb6 Qxb6 17. Bg5 Ra7 18. Rab1 h6 19. Bh4 g5 20. Bg3 Nd7 21. Nd1
Rb8 22. Nc3 Qb3 23. Rfe1 Bxc3 24. Qxb3 Rxb3 25. bxc3 Rxa3 26. c4 a4 27. Rec1
Rb3 28. Ra1 a3 29. Kh2 f6 30. f3 Ra4 31. Rc2 Nb6 32. Rac1 a2 33. Ra1 Rba3 34.
Be1 Nxc4 35. Bc3 Ne3 36. Rcc1 Rc4 37. Bd2 Rxc1 38. Bxc1 Nc2 0-1

[Event "Mechanics' Fall TNM; 30/90, SD/30"]
[Site "San Francisco"]
[Date "2011.10.25"]
[Round "2.9"]
[White "Khristoforov, Sergey"]
[Black "Hilliard, Michael"]
[Result "1-0"]
[WhiteElo "1999"]
[BlackElo "1428"]
[PlyCount "55"]
[EventDate "2011.??.??"]

1. d4 d5 2. c4 c5 3. dxc5 e6 4. cxd5 exd5 5. g3 Bxc5 6. Bg2 Be6 7. Nf3 Nf6 8.
O-O O-O 9. a3 Nc6 10. b4 Bb6 11. Bb2 Rc8 12. Nc3 a6 13. Na4 Ba7 14. Rc1 Re8 15.
Nc5 Rc7 16. Nd4 Bg4 17. Re1 Qe7 18. Nxc6 bxc6 19. f3 Be6 20. Kh1 Nd7 21. Nxa6
Rcc8 22. Bd4 Nb6 23. Nc5 Nc4 24. Qd3 Nd6 25. a4 Bf5 26. Qc3 f6 27. e4 dxe4 28.
fxe4 {B time exp} 1-0

[Event "Mechanics' Fall TNM; 30/90, SD/30"]
[Site "San Francisco"]
[Date "2011.11.22"]
[Round "6.4"]
[White "Khristoforov, Sergey"]
[Black "Manvelyan, Hovik"]
[Result "1/2-1/2"]
[WhiteElo "1999"]
[BlackElo "2056"]
[PlyCount "39"]
[EventDate "2011.??.??"]

1. d4 Nf6 2. c4 e6 3. Nc3 d5 4. Bg5 Nbd7 5. Nf3 c6 6. e3 Qa5 7. Nd2 Bb4 8. Qc2
O-O 9. a3 Re8 10. Be2 dxc4 11. Bxf6 Nxf6 12. Nxc4 Bxc3+ 13. bxc3 Qc7 14. O-O b6
15. Ne5 Bb7 16. Bf3 Rac8 17. Rfb1 c5 18. Bxb7 Qxb7 19. Qe2 Nd7 20. Nxd7 1/2-1/2

[Event "Mechanics' Fall TNM; 30/90, SD/30"]
[Site "San Francisco"]
[Date "2011.11.29"]
[Round "7.5"]
[White "Khristoforov, Sergey"]
[Black "Shakhnazarov, Oleg"]
[Result "0-1"]
[WhiteElo "1999"]
[BlackElo "2159"]
[Annotator "Donaldson"]
[PlyCount "98"]
[EventDate "2011.??.??"]

1. d4 d5 2. c4 e6 3. Nc3 c6 4. Nf3 Nf6 5. e3 Nbd7 6. Qc2 Bd6 7. Bd3 dxc4 8.
Bxc4 h6 9. O-O O-O 10. Rd1 Qc7 11. e4 e5 12. d5 Nb6 13. Bb3 Bg4 14. dxc6 bxc6
15. Qe2 Nfd7 16. Be3 Nc5 17. Bc2 Ne6 18. h3 Bxf3 19. Qxf3 Nc4 20. Bb3 Nxe3 21.
Qxe3 Bc5 22. Qe2 Nf4 23. Qf3 Qe7 24. Ne2 Ne6 25. Qg4 Rab8 26. Rd3 Nd4 27. Nxd4
Bxd4 28. Rg3 Qf6 29. Rf3 Qd6 30. Rd1 c5 31. Rg3 Qf6 32. Qe2 g6 33. Rf3 Qe7 34.
Rd2 Kg7 35. g4 Qg5 36. Rg3 Rb6 37. Kf1 Rf6 38. Qd3 Qf4 39. Kg2 Qg5 40. Rc2 Rd8
41. Rf3 Rdd6 42. Rxf6 Rxf6 43. Qg3 Rf4 44. Bd5 h5 45. f3 $2 (45. gxh5) 45... h4
46. Qe1 Rf6 47. Qd2 Be3 48. Qe1 Qf4 49. Qxh4 Qxf3+ 0-1

[Event "Mechanics' Fall TNM; 30/90, SD/30"]
[Site "San Francisco"]
[Date "2011.10.18"]
[Round "1.11"]
[White "Klinetobe, David"]
[Black "Allen, Tom"]
[Result "1-0"]
[WhiteElo "2011"]
[BlackElo "1574"]
[PlyCount "48"]
[EventDate "2011.??.??"]

1. e4 e5 2. Nf3 Nc6 3. Bb5 f5 4. d3 Nf6 5. Nc3 Bc5 6. O-O d6 7. Bg5 O-O 8. Bc4+
Kh8 9. Nd5 Na5 10. Bb3 Nxb3 11. axb3 c6 12. Nxf6 Rxf6 $2 13. Qd2 Qf8 14. Bxf6
Qxf6 15. Qg5 Qf7 16. Qd8+ Qg8 17. Qxg8+ Kxg8 18. Rad1 Bb6 19. b4 Bd7 20. Nd2
Rf8 21. Nc4 Bc7 22. Rfe1 d5 23. exd5 e4 24. d6 Bb8 1-0

[Event "Mechanics' Fall TNM; 30/90, SD/30"]
[Site "San Francisco"]
[Date "2011.11.22"]
[Round "6.8"]
[White "Klinetobe, David"]
[Black "Delmonico, Nils"]
[Result "1-0"]
[WhiteElo "2011"]
[BlackElo "1909"]
[PlyCount "146"]
[EventDate "2011.??.??"]

1. e4 e6 2. d4 d5 3. Nd2 Be7 4. Bd3 c5 5. dxc5 Nf6 6. Qe2 O-O 7. Ngf3 a5 8. O-O
Na6 9. e5 Nd7 10. c3 Naxc5 11. Bc2 b6 12. Re1 Ba6 13. Qe3 Qc7 14. Nd4 Rfe8 15.
Qh3 Nf8 16. f4 f5 17. g4 fxg4 18. Qxg4 Bd3 19. Bxd3 Nxd3 20. Re3 Nxc1 21. Rxc1
Bc5 22. N2f3 b5 23. Kh1 Qd7 24. Rd3 Rab8 25. Rcd1 Rb6 26. Nb3 Be7 27. Rg1 Bd8
28. Ng5 Bxg5 29. Qxg5 a4 30. Nd4 Qf7 31. a3 Qg6 32. Rdg3 Qxg5 33. Rxg5 Ng6 34.
R5g4 Rf8 35. Ne2 Rb7 36. Kg2 Rbf7 37. Kg3 Ne7 38. Nd4 Nf5+ 39. Nxf5 Rxf5 40.
Kf3 R8f7 41. Ke3 Rc7 42. Rd1 Rh5 43. Rd2 Rc4 44. Rg3 Rh4 45. Rdg2 g6 46. Rg4
Re4+ 47. Kf3 Rh5 48. Rg5 Rxg5 49. Rxg5 Re1 50. Rg2 Kf7 51. Rd2 Rb1 52. Ke3 Ke7
53. Kd4 Kd7 54. Kc5 Rf1 55. Rd4 Rf2 56. Rb4 Rxh2 57. Kxb5 h5 58. Kxa4 h4 59. b3
Kc7 60. Rd4 h3 61. c4 dxc4 62. Rxc4+ Kb7 63. Rd4 Kc7 64. Rd3 Kb6 65. Rd6+ Kb7
66. Rxe6 Rf2 67. Rxg6 Rxf4+ 68. b4 Rf3 69. Rh6 Re3 70. e6 h2 71. Rh7+ Kc6 72.
e7 Kd7 73. b5 Re2 {and White won a few moves later.} 1-0

[Event "Mechanics' Fall TNM; 30/90, SD/30"]
[Site "San Francisco"]
[Date "2011.11.29"]
[Round "7.6"]
[White "Klinetobe, David"]
[Black "Goins, Demetrius"]
[Result "1/2-1/2"]
[WhiteElo "2011"]
[BlackElo "2084"]
[PlyCount "49"]
[EventDate "2011.??.??"]

1. e4 c5 2. Nf3 d6 3. d4 cxd4 4. Nxd4 Nf6 5. Nc3 e6 6. Be3 Be7 7. f3 Nc6 8. Qd2
Qc7 9. O-O-O a6 10. g4 h6 11. h4 Bd7 12. Rg1 Nxd4 13. Bxd4 e5 14. Be3 Be6 15.
g5 hxg5 16. hxg5 Nh5 17. g6 O-O-O 18. Nd5 Bxd5 19. Qxd5 fxg6 20. Bxa6 bxa6 21.
Rd3 Kd7 22. Rc3 Qb8 23. Qc6+ Ke6 24. Qd5+ Kd7 25. Qc6+ 1/2-1/2

[Event "Mechanics' Fall TNM; 30/90, SD/30"]
[Site "San Francisco"]
[Date "2011.11.01"]
[Round "3.10"]
[White "Krasnov, Steven"]
[Black "Ganesh, Vikram"]
[Result "1-0"]
[WhiteElo "1974"]
[BlackElo "1787"]
[PlyCount "91"]
[EventDate "2011.??.??"]

1. d4 Nf6 2. Nf3 g6 3. c4 d6 4. Nc3 Bg7 5. e4 Nbd7 6. Be2 O-O 7. O-O e5 8. Re1
exd4 9. Nxd4 Re8 10. f3 Ne5 11. Be3 a6 12. Qd2 Be6 13. Nd5 Nc6 14. Red1 Qd7 15.
Rac1 Ne7 16. Bg5 Bxd5 17. cxd5 Rec8 18. Rc2 Ne8 19. g4 c5 20. dxc6 Nxc6 21.
Nxc6 Rxc6 22. Bf4 Rac8 23. Rxc6 bxc6 24. Kg2 Qb7 25. b3 Qb6 26. Bc4 Rd8 27. Be3
Qc7 28. Bxa6 d5 29. Bc4 d4 30. Bf4 Qa7 31. a4 Nd6 32. Rc1 Nxc4 33. Rxc4 c5 34.
Qd3 Qa5 35. Bd2 Qa7 36. Qc2 Bf8 37. Bg5 Rb8 38. Bf4 Rb7 39. Be5 Qb6 40. b4 cxb4
41. Bxd4 b3 42. Bxb6 bxc2 43. a5 Ba3 44. Rxc2 Bd6 45. Rc6 Bb8 46. a6 1-0

[Event "Mechanics' Fall TNM; 30/90, SD/30"]
[Site "San Francisco"]
[Date "2011.11.29"]
[Round "7.3"]
[White "Krasnov, Steven"]
[Black "Grey, Peter"]
[Result "0-1"]
[WhiteElo "1974"]
[BlackElo "2000"]
[PlyCount "62"]
[EventDate "2011.??.??"]

1. d4 Nf6 2. Nf3 g6 3. c4 d5 4. Nc3 Bg7 5. Bg5 dxc4 6. e4 c5 7. d5 b5 8. d6
Qxd6 9. Qxd6 exd6 10. Nxb5 Nxe4 11. Bxc4 Bb7 12. Nc7+ Kd7 13. Nxa8 Bxb2 14. Rb1
Bc3+ 15. Ke2 Bxa8 16. Bxf7 Bg7 17. Bd2 Nc6 18. Rhc1 Rf8 19. Bc4 Nd4+ 20. Nxd4
Rxf2+ 21. Ke1 Bxd4 22. Ba5 Rxg2 23. Bb5+ Bc6 24. Bxc6+ Kxc6 25. a3 Rxh2 26. Kf1
g5 27. Be1 g4 28. Rb3 h5 29. Rd3 Kd5 30. Rcd1 h4 31. Re3 g3 0-1

[Event "Mechanics' Fall TNM; 30/90, SD/30"]
[Site "San Francisco"]
[Date "2011.10.18"]
[Round "1.15"]
[White "Krasnov, Steven"]
[Black "Keiper, Ryan"]
[Result "1-0"]
[WhiteElo "1974"]
[BlackElo "1520"]
[PlyCount "113"]
[EventDate "2011.??.??"]

1. c4 Nf6 2. Nf3 c5 3. g3 e6 4. Bg2 d5 5. O-O Nc6 6. b3 Be7 7. Bb2 d4 8. d3 O-O
9. Nbd2 e5 10. a3 Bd7 11. Qc2 Qc8 12. Rfe1 Bd6 13. Ng5 Be7 14. Bc1 Ne8 15. h4
h6 16. Ngf3 f5 17. e3 Bd6 18. exd4 exd4 19. Rb1 Nf6 20. Nf1 Qc7 21. Bd2 f4 22.
Bxf4 Bxf4 23. gxf4 Qxf4 24. Qd2 Qg4 25. b4 Qg6 26. Ng3 Nh5 27. b5 Nxg3 28. bxc6
Rxf3 29. cxd7 Nh5 30. Re8+ Rf8 31. Rxa8 Rxa8 32. Kf1 Rf8 33. Rxb7 Nf4 34. Qxf4
Qxd3+ 35. Kg1 Qd1+ 36. Kh2 Rxf4 37. d8=Q+ Kh7 38. Qe7 Qg4 39. f3 Qg6 40. Rxa7
d3 41. Rd7 Rxc4 42. Qe1 Rc2 43. Qg3 Qxg3+ 44. Kxg3 c4 45. h5 Re2 46. Bh3 Re5
47. Kh4 Rc5 48. Bf1 Kg8 49. Rd4 c3 50. Bxd3 c2 51. Bxc2 Rxc2 52. a4 Rc8 53. a5
Ra8 54. Rd5 Kf7 55. Kg4 Ra6 56. Kf4 Ke6 57. Rb5 {remainder illegible} 1-0

[Event "Mechanics' Fall TNM; 30/90, SD/30"]
[Site "San Francisco"]
[Date "2011.12.13"]
[Round "9.9"]
[White "Krasnov, Steven"]
[Black "Salvo, Tab"]
[Result "1-0"]
[WhiteElo "1974"]
[BlackElo "1716"]
[Annotator "Donaldson"]
[PlyCount "53"]
[EventDate "2011.??.??"]

1. b3 g6 2. Bb2 Nf6 3. g4 h6 4. h4 Rg8 5. e3 d5 6. Be2 Nc6 7. d3 e5 8. g5 hxg5
9. hxg5 Nd7 10. f4 Bg7 11. Nf3 Qe7 12. Qd2 Nb6 13. Rh7 Bd7 14. a4 O-O-O 15. a5
Na8 16. Nc3 Be6 17. a6 b6 18. Nb5 Bd7 19. fxe5 Kb8 20. d4 (20. Rxg7 Rxg7 21. e6
fxe6 22. Bxg7 Qxg7) 20... Bg4 21. Ba3 Qd7 22. Qd3 Ne7 23. O-O-O Bf5 24. Qc3 Be4
25. Bxe7 Qxe7 26. Qc6 Kc8 27. Nxa7+ 1-0